00790 2200253 4500001002100000005001700021008004100038020002200079035002500101040001200126082001600138084002000154100001700174245015100191260003800342300003100380650002400411700001900435700001600454850001200470990001800482990001800500990001800518INLIS00000000001443220151008093204.0  a978-602-7727-50-2 a0010-101500000000166 aYOPDYOG 223a297.122 aK 297.122 Nur I aNUR Iskandar aIqra plus juz amma per katab: Cara mudah belajar tajwid dan arti kata dalam Al-Qur anc/ Nur Iskandar dan Irham Syahroni; penyunting, Baba Rusyda aYogyakartabIdea World Kidsc2014 a96 hlm.b: Ilus.c; 26 cm. aAl-Qur'an--Juz Amma aIRHAM Sya'roni aBABA Rusyda aYOPDYOG a25153-PD/B.15 a25154-PD/B.15 a25155-PD/B.15